| 000 | 01348nam a22001697a 4500 | ||
|---|---|---|---|
| 003 | SGT | ||
| 020 | _a9789339221874 | ||
| 082 | _a332.10954 | ||
| 100 | _aKHAN,M Y | ||
| 245 | _aINDIAN FINANCIAL SYSTEM | ||
| 250 | _a9TH | ||
| 260 |
_aNEW DELHI _bTMH _c2016 |
||
| 300 | _aV.P | ||
| 650 | _aFINANCIAL ECONOMICS | ||
| 653 | _aPART 1 : THE BACKGROUND 1. FINANCIAL SYSTEMS: FUNCTIONS AND STRUCTURE/ORGANISATION 2. INDIAN FINANCIAL SYSTEM—AN OVERVIEW PART 2 : FINANCIAL MARKETS 3. FUNCTIONS AND ORGANISATION 4. REGULATORY FRAMEWORK – PRIMARY MARKET 5. REGULATORY FRAMEWORK – SECONDARY MARKET 6. PRIMARY MARKET ORGANISATION: INTERMEDIARIES 7. PRIMARY MARKET ORGANISATION: ACTIVITIES/PROCEDURES 8. SECONDARY/STOCK MARKET ORGANISATION 9. MONEY MARKETS PART 3 : FINANCIAL INTERMEDIARIES 10. PRUDENTIAL AND EXPOSURE NORMS RELATING TO CREDIT/ADVANCE AND INVESTMENT PORTFOLIOS OF BANKS 11. MANAGEMENT OF NON-PERFORMING ASSETS 12. PRUDENTIAL NORMS RELATING TO CAPITAL ADEQUACY: BASEL II FRAMEWORK 13. RISK MANAGEMENT IN BANKS 14. NON-BANKING FINANCIAL COMPANIES 15. MUTUAL FUNDS: REGULATIONS AND OPERATIONS 16. INSURANCE ORGANISATION PART 4 CAPITAL MARKET INSTRUMENTS 17. CAPITAL MARKET INSTRUMENTS PART 5 PRIVATE FOREIGN INVESTMENT 18. FOREIGN DIRECT INVESTMENTS 19. OTHER FORMS OF FOREIGN INVESTMENT IN INDIA/ABROAD | ||
| 942 |
_2ddc _cFCM _01 |
||
| 999 |
_c8947 _d8947 |
||